Sociologie des âges de la vie (notice n° 1925207)

détails MARC
000 -LEADER
fixed length control field 01262cam a2200133 4500500
005 - DATE AND TIME OF LATEST TRANSACTION
control field 20260329023152.0
041 ## - LANGUAGE CODE
Language code of text/sound track or separate title fre
042 ## - AUTHENTICATION CODE
Authentication code dc
100 10 - MAIN ENTRY--PERSONAL NAME
Personal name Van de Velde, Cécile
Relator term author
245 00 - TITLE STATEMENT
Title Sociologie des âges de la vie
260 ## - PUBLICATION, DISTRIBUTION, ETC.
Name of publisher, distributor, etc. Armand Colin,<br/>
Date of publication, distribution, etc. 2015.<br/>
520 ## - SUMMARY, ETC.
Summary, etc. De l’enfance à la vieillesse, comment se structurent aujourd’hui les différents temps de la vie ? Que signifie être « jeune » ou être « vieux » dans nos sociétés contemporaines ? Cet ouvrage mobilise les apports et les outils de ce champ sociologique pour mieux penser la façon dont se déroulent les âges et se métamorphosent nos vies. Il confronte les principales approches des existences – prisme des « âges », prisme des « parcours », prisme des « générations » – et montre comment elles sont mises à l’épreuve par des frontières de plus en plus floues et complexes entre l’éducation, l’activité et la retraite. De la naissance à la mort, il décrypte la façon dont nos sociétés organisent aujourd’hui l’expérience des âges et régulent les rapports entre générations face à la crise.
856 41 - ELECTRONIC LOCATION AND ACCESS
Uniform Resource Identifier <a href="https://shs.cairn.info/sociologie-des-ages-de-la-vie--9782200600501?lang=fr&redirect-ssocas=7080">https://shs.cairn.info/sociologie-des-ages-de-la-vie--9782200600501?lang=fr&redirect-ssocas=7080</a>

Pas d'exemplaire disponible.

PLUDOC

PLUDOC est la plateforme unique et centralisée de gestion des bibliothèques physiques et numériques de Guinée administré par le CEDUST. Elle est la plus grande base de données de ressources documentaires pour les Étudiants, Enseignants chercheurs et Chercheurs de Guinée.

Adresse

627 919 101/664 919 101

25 boulevard du commerce
Kaloum, Conakry, Guinée

Réseaux sociaux

Powered by Netsen Group @ 2025